000 00510nam a22001937a 4500
005 20240207093505.0
008 240207b |||||||| |||| 00| 0 eng d
020 _a9789353670559
_cRs. 540.00
040 _aMAIN
082 _a658.8
_bC424I(16)
100 _aCherunilam, Francis
245 _aInternational marketing: Text and Cases
250 _a16th
260 _aMumbai
_bHimalaya Publishing House
_c2022
300 _a402
650 _aManagement
650 _aInternational Marketing
942 _cBK
999 _c314118
_d314118